[Event "TUR Cup"]
[Site "Antalya"]
[Date "2019.01.29"]
[Round "4"]
[White "Demir, Hilmi Mustafa"]
[Black "Baylav, Can"]
[Result "0-1"]
[WhiteElo "1809"]
[BlackElo "2108"]
[PlyCount "124"]
[EventDate "2019.01.27"]
[EventType "swiss"]
[EventRounds "11"]
[EventCountry "TUR"]
[SourceTitle "CBM 188 Extra"]
[Source "ChessBase"]
[SourceDate "2019.02.26"]
[SourceVersion "1"]
[SourceVersionDate "2019.02.26"]
[SourceQuality "1"]

1. e4 c5 2. Nf3 e6 3. d4 cxd4 4. Nxd4 a6 5. Bd3 Bc5 6. Nb3 Ba7 7. Nc3 Nc6 8. Qe2 Nge7 9. 0-0 0-0 10. Kh1 Ne5 11. Be3 b5 12. a4 b4 13. Na2 Nxd3 14. Qxd3 a5 15. Bxa7 Rxa7 16. c4 Ba6 17. Nd4 d5 18. Nb5 Bxb5 19. cxb5 dxe4 20. Qxe4 Rd7 21. Rac1 Rd4 22. Qb1 Qd5 23. Rce1 Rd8 24. Nc1 Rd2 25. Ne2 Nf5 26. Ng3 Nxg3+ 27. hxg3 Qb3 28. Qa1 g6 29. Re3 Qxb2 30. Qxb2 Rxb2 31. Rc1 Rxf2 32. b6 Rb8 33. Rc6 Rf5 34. Re1 Kg7 35. g4 Rf4 36. g3 Rxg4 37. Re3 Rd4 38. Kg2 Rb7 39. Kf2 Kf6 40. Ke2 Ke7 41. Re5 Rd6 42. Rc7+ Rxc7 43. bxc7 Rc6 44. Rxa5 Rxc7 45. Rb5 Kd6 46. Rxb4 e5 47. g4 f5 48. gxf5 gxf5 49. Rb6+ Kd5 50. a5 Ra7 51. a6 h5 52. Rb5+ Kd4 53. Rb6 e4 54. Rf6 Ke5 55. Rh6 Kf4 56. Kf2 h4 57. Rf6 h3 58. Rh6 e3+ 59. Ke2 h2 60. Rh4+ Kg3 61. Rh8 Rxa6 62. Kxe3 Rg6 0-1

[Event "TUR Cup"]
[Site "Antalya"]
[Date "2019.01.28"]
[Round "3"]
[White "Dogan, Nazmi Can"]
[Black "Demir, Hilmi Mustafa"]
[Result "1/2-1/2"]
[WhiteElo "2244"]
[BlackElo "1809"]
[PlyCount "60"]
[EventDate "2019.01.27"]
[EventType "swiss"]
[EventRounds "11"]
[EventCountry "TUR"]
[SourceTitle "CBM 188 Extra"]
[Source "ChessBase"]
[SourceDate "2019.02.26"]
[SourceVersion "1"]
[SourceVersionDate "2019.02.26"]
[SourceQuality "1"]

1. e4 e5 2. Nf3 Nc6 3. Bc4 Nf6 4. d4 exd4 5. 0-0 Nxe4 6. Re1 d5 7. Bxd5 Qxd5 8. Nc3 Qd7 9. Nxe4 Be7 10. Bg5 0-0 11. Bxe7 Qxe7 12. Nxd4 Bd7 13. Nb3 Rae8 14. Qd2 Bc8 15. Nc3 Qf6 16. Rxe8 Rxe8 17. Re1 Rxe1+ 18. Qxe1 Qd8 19. h3 h6 20. Qe4 a6 21. Qf4 Be6 22. Nc5 Bc8 23. Nb3 Be6 24. Nc5 Bc8 25. Qe4 Qe7 26. Qxe7 Nxe7 27. Kf1 b6 28. Nd3 f6 29. Ke2 Bb7 30. f3 Kf7 1/2-1/2

[Event "TUR Cup										"]
[Site "Antalya"]
[Date "2018.01.31"]
[Round "7"]
[White "Demir, Hilmi Mustafa"]
[Black "Lokman, Hilmi Merih"]
[Result "1-0"]
[WhiteElo "1838"]
[BlackElo "1578"]
[PlyCount "151"]
[EventDate "2018.01.27"]
[EventType "swiss"]
[EventRounds "11"]
[EventCountry "TUR"]
[SourceTitle "CBM 182 Extra"]
[Source "ChessBase"]
[SourceDate "2018.02.23"]
[SourceVersion "1"]
[SourceVersionDate "2018.02.23"]
[SourceQuality "1"]

1. e4 c6 2. d4 d5 3. Nc3 dxe4 4. Nxe4 Bf5 5. Ng3 Bg6 6. h4 h6 7. Nf3 Nf6 8. Ne5 Bh7 9. Bc4 e6 10. Qe2 Nd5 11. Bd2 Nd7 12. 0-0-0 Nxe5 13. dxe5 Qc7 14. f4 0-0-0 15. Ne4 Be7 16. Rh3 Rd7 17. h5 Rhd8 18. Rhh1 Kb8 19. g4 Qb6 20. a3 Qd4 21. Bxd5 Rxd5 22. Nc3 Qb6 23. Nxd5 cxd5 24. Rh3 d4 25. Rd3 Rc8 26. Be1 Qb5 27. Qd2 Qc4 28. Kb1 Qa4 29. Bf2 Bc5 30. Rc1 Bb6 31. Ka2 Be4 32. b3 Qc6 33. Bxd4 Bxd3 34. Qxd3 Qd5 35. Rd1 Bxd4 36. c4 Qg2+ 37. Rd2 Qxg4 38. Qxd4 Qxh5 39. Qd6+ Ka8 40. Qd7 Kb8 41. a4 Qf5 42. Qd6+ Ka8 43. Qd4 f6 44. Qd7 Kb8 45. Qd6+ Ka8 46. a5 a6 47. Qd7 Kb8 48. Qd6+ Ka8 49. Qd4 fxe5 50. fxe5 g5 51. Rf2 Qh7 52. Qg4 Re8 53. Kb2 Qc7 54. Qe4 Qxa5 55. Rf7 Qb4 56. Qd3 Qb6 57. Qd6 Qxd6 58. exd6 Rd8 59. c5 Kb8 60. b4 Rh8 61. Rg7 Kc8 62. Kc3 h5 63. Rxg5 Kd7 64. Rg7+ Kc8 65. Rc7+ Kb8 66. Re7 h4 67. Rxe6 h3 68. Re1 h2 69. Rh1 Kc8 70. Kd4 Rh5 71. Ke4 Kd7 72. Kf4 Rh4+ 73. Kg5 Rxb4 74. Rxh2 Rc4 75. Rh7+ Ke6 76. Re7+ 1-0

[Event "TUR Cup										"]
[Site "Antalya"]
[Date "2018.01.30"]
[Round "5"]
[White "Demir, Hilmi Mustafa"]
[Black "Erdogan, Anil Berk"]
[Result "1/2-1/2"]
[WhiteElo "1838"]
[BlackElo "2106"]
[PlyCount "51"]
[EventDate "2018.01.27"]
[EventType "swiss"]
[EventRounds "11"]
[EventCountry "TUR"]
[SourceTitle "CBM 182 Extra"]
[Source "ChessBase"]
[SourceDate "2018.02.23"]
[SourceVersion "1"]
[SourceVersionDate "2018.02.23"]
[SourceQuality "1"]

1. e4 e6 2. d4 d5 3. Nc3 Nf6 4. e5 Nfd7 5. f4 c5 6. Nf3 Nc6 7. Be3 a6 8. Qd2 b5 9. dxc5 Bxc5 10. Qf2 Qb6 11. Bxc5 Nxc5 12. Bd3 b4 13. Ne2 a5 14. 0-0 Ba6 15. Kh1 Na4 16. Qxb6 Nxb6 17. Ned4 Nxd4 18. Nxd4 Bxd3 19. cxd3 Na4 20. f5 exf5 21. Nxf5 0-0 22. Rf2 Rae8 23. d4 f6 24. Raf1 Re6 25. h3 Nb6 26. Ng3 1/2-1/2

[Event "TUR Cup										"]
[Site "Antalya"]
[Date "2018.01.29"]
[Round "4"]
[White "Koc, Serkan"]
[Black "Demir, Hilmi Mustafa"]
[Result "0-1"]
[WhiteElo "1679"]
[BlackElo "1838"]
[PlyCount "62"]
[EventDate "2018.01.27"]
[EventType "swiss"]
[EventRounds "11"]
[EventCountry "TUR"]
[SourceTitle "CBM 182 Extra"]
[Source "ChessBase"]
[SourceDate "2018.02.23"]
[SourceVersion "1"]
[SourceVersionDate "2018.02.23"]
[SourceQuality "1"]

1. e4 e5 2. Nf3 Nc6 3. Bc4 Nf6 4. Ng5 d5 5. exd5 Na5 6. Bb5+ c6 7. dxc6 bxc6 8. Bd3 Nd5 9. h4 Qc7 10. 0-0 h6 11. Nf3 Bd6 12. Re1 0-0 13. Bf1 Bg4 14. d3 Nb7 15. c3 Rad8 16. Nbd2 f5 17. Nc4 e4 18. dxe4 Bh2+ 19. Kh1 fxe4 20. Ne3 Bh5 21. Bc4 exf3 22. g4 Bf7 23. Nf5 Ne3 24. Bxf7+ Rxf7 25. Qb3 Nxf5 26. gxf5 Bf4 27. Rg1 Bxc1 28. Raxc1 Qf4 29. Rxg7+ Kxg7 30. Rg1+ Kf8 31. Qb4+ Qxb4 0-1

[Event "Manavgat Turkey Cup"]
[Site "Manavgat"]
[Date "2015.02.05"]
[Round "8"]
[White "Demir, Hilmi Mustafa"]
[Black "Samani, Yamac"]
[Result "1/2-1/2"]
[WhiteElo "1947"]
[BlackElo "1774"]
[PlyCount "98"]
[EventDate "2015.01.31"]
[EventType "swiss"]
[EventRounds "11"]
[EventCountry "TUR"]
[SourceTitle "CBM 164 Extra"]
[Source "ChessBase"]
[SourceDate "2015.03.02"]
[SourceVersion "1"]
[SourceVersionDate "2015.03.02"]
[SourceQuality "1"]

1. e4 e5 2. f4 Bc5 3. Nf3 d6 4. Nc3 Nc6 5. Bc4 Nf6 6. d3 0-0 7. Na4 Bb6 8. Nxb6 axb6 9. 0-0 Be6 10. Bxe6 fxe6 11. fxe5 dxe5 12. Bd2 Qe7 13. Qe2 Qc5+ 14. Be3 Nd4 15. Qd2 Ng4 16. Bxd4 exd4 17. Qg5 Ne3 18. Rf2 h6 19. Qe5 Qxe5 20. Nxe5 Rxf2 21. Kxf2 Rf8+ 22. Nf3 Nxc2 23. Rc1 Nb4 24. Rxc7 Nxd3+ 25. Kg3 Nc5 26. Nd2 Rf7 27. Rc8+ Kh7 28. h4 Rd7 29. b4 Nd3 30. Nf3 g6 31. a3 Kg7 32. Rc2 Kf6 33. Rd2 Nc1 34. Kf4 e5+ 35. Kg3 d3 36. Ne1 Rc7 37. Kf3 Rc3 38. a4 Ra3 39. a5 bxa5 40. bxa5 Rxa5 41. Ke3 b5 42. Rb2 b4 43. Rxb4 Ra2 44. Rb6+ Kf7 45. Nxd3 Nxd3 46. Kxd3 Rxg2 47. h5 gxh5 48. Rxh6 Rh2 49. Kc4 Rd2 1/2-1/2

[Event "Manavgat Turkey Cup"]
[Site "Manavgat"]
[Date "2015.02.04"]
[Round "7"]
[White "Ceylan, Metin"]
[Black "Demir, Hilmi Mustafa"]
[Result "0-1"]
[WhiteElo "1830"]
[BlackElo "1947"]
[PlyCount "76"]
[EventDate "2015.01.31"]
[EventType "swiss"]
[EventRounds "11"]
[EventCountry "TUR"]
[SourceTitle "CBM 164 Extra"]
[Source "ChessBase"]
[SourceDate "2015.03.02"]
[SourceVersion "1"]
[SourceVersionDate "2015.03.02"]
[SourceQuality "1"]

1. d4 d5 2. Nf3 Nf6 3. c4 c6 4. cxd5 cxd5 5. Nc3 e6 6. e3 Bd6 7. Bd3 0-0 8. 0-0 Nbd7 9. Bd2 e5 10. dxe5 Nxe5 11. Nxe5 Bxe5 12. Be2 Ne4 13. Rc1 Bf5 14. Nxe4 dxe4 15. Bc3 Qxd1 16. Rfxd1 Bxc3 17. Rxc3 Rac8 18. Rxc8 Rxc8 19. b3 Kf8 20. Bc4 Ke7 21. a4 Be6 22. Rd4 Bxc4 23. bxc4 f5 24. f3 exf3 25. gxf3 Rc5 26. Kf2 Ra5 27. Rd5 Rxa4 28. Rc5 Kd6 29. Rd5+ Kc6 30. Rxf5 Rxc4 31. e4 b5 32. Rf7 a5 33. Rxg7 a4 34. e5 a3 35. e6 Ra4 36. e7 Kd7 37. Rg1 a2 38. Re1 Ke8 0-1

[Event "Manavgat Turkey Cup"]
[Site "Manavgat"]
[Date "2015.02.03"]
[Round "5"]
[White "Demir, Hilmi Mustafa"]
[Black "Okuyaz, Duru"]
[Result "1-0"]
[WhiteElo "1947"]
[BlackElo "1807"]
[PlyCount "99"]
[EventDate "2015.01.31"]
[EventType "swiss"]
[EventRounds "11"]
[EventCountry "TUR"]
[SourceTitle "CBM 164 Extra"]
[Source "ChessBase"]
[SourceDate "2015.03.02"]
[SourceVersion "1"]
[SourceVersionDate "2015.03.02"]
[SourceQuality "1"]

1. e4 c5 2. b4 cxb4 3. a3 d6 4. axb4 Nf6 5. Nc3 g6 6. Bb2 Bg7 7. Nd5 0-0 8. Nxf6+ exf6 9. Nf3 Re8 10. Be2 Rxe4 11. 0-0 Re8 12. h3 Nc6 13. b5 Ne5 14. Nd4 f5 15. Ra4 Nd7 16. Bf3 Nc5 17. Ra3 Bd7 18. Qa1 Qb6 19. d3 Be5 20. c4 Ne6 21. Nc2 Ng5 22. Bd5 f4 23. d4 Bg7 24. Bc3 Qd8 25. Bd2 Qf6 26. Qc1 Ne6 27. Bxb7 Rab8 28. Bd5 g5 29. Rxa7 Rbd8 30. Ra3 h5 31. Bf3 Bf8 32. d5 Ng7 33. g4 fxg3 34. fxg3 Qe5 35. Bxg5 Bxh3 36. Bf4 Qf6 37. Rf2 Qg6 38. Kh2 Bf5 39. Nd4 h4 40. gxh4 Qh7 41. Bg5 Be7 42. Bxe7 Rxe7 43. Qf4 Rde8 44. Rg2 Kh8 45. Rxg7 Qxg7 46. Nxf5 Re2+ 47. Kh3 Qb2 48. Ra2 Qe5 49. Qh6+ Kg8 50. Qg5+ 1-0

[Event "Kemer Turkey Cup"]
[Site "Kemer"]
[Date "2014.02.05"]
[Round "6"]
[White "Buker, Muhittin"]
[Black "Demir, Hilmi Mustafa"]
[Result "1-0"]
[WhiteElo "2068"]
[BlackElo "1900"]
[PlyCount "61"]
[EventDate "2014.02.01"]
[EventType "swiss"]
[EventRounds "9"]
[EventCountry "TUR"]
[SourceTitle "CBM 158 Extra"]
[Source "ChessBase"]
[SourceDate "2014.02.28"]
[SourceVersion "1"]
[SourceVersionDate "2014.02.28"]
[SourceQuality "1"]

1. d4 Nf6 2. Nf3 c5 3. e3 g6 4. c4 Bg7 5. Nc3 0-0 6. Be2 cxd4 7. exd4 d5 8. 0-0 Nc6 9. h3 Be6 10. c5 Ne4 11. Be3 h6 12. Qc1 Kh7 13. Qc2 f5 14. Rad1 Qd7 15. Bf4 g5 16. Ne5 Nxe5 17. Bxe5 Bxe5 18. dxe5 Qc7 19. Nxd5 Qxe5 20. f4 gxf4 21. Nxf4 Bxa2 22. b4 Bf7 23. Bc4 Qc3 24. Qxc3 Nxc3 25. Bxf7 Nxd1 26. Bg6+ Kg7 27. Rxd1 Kf6 28. Rd5 Kg5 29. g3 e6 30. h4+ Kg4 31. Kg2 1-0

[Event "Kemer Turkey Cup"]
[Site "Kemer"]
[Date "2014.02.02"]
[Round "2"]
[White "Hasman, Cengiz"]
[Black "Demir, Hilmi Mustafa"]
[Result "0-1"]
[WhiteElo "2133"]
[BlackElo "1900"]
[PlyCount "74"]
[EventDate "2014.02.01"]
[EventType "swiss"]
[EventRounds "9"]
[EventCountry "TUR"]
[SourceTitle "CBM 158 Extra"]
[Source "ChessBase"]
[SourceDate "2014.02.28"]
[SourceVersion "1"]
[SourceVersionDate "2014.02.28"]
[SourceQuality "1"]

1. d4 Nf6 2. c4 c5 3. d5 b5 4. cxb5 a6 5. b6 e6 6. Nc3 Nxd5 7. Nxd5 exd5 8. Qxd5 Nc6 9. Nf3 Rb8 10. Bd2 Rxb6 11. e4 Be7 12. Bc4 0-0 13. 0-0 d6 14. Qh5 Be6 15. Bd5 Qc8 16. h3 Bf6 17. Bc3 Nd4 18. Bxd4 cxd4 19. Rac1 Qd8 20. b3 g6 21. Qh6 Bxd5 22. exd5 Rb5 23. Rfd1 Rxd5 24. Rd3 Re8 25. Qd2 Re4 26. Rc6 Rc5 27. Rxa6 Qc7 28. Qb4 Rc1+ 29. Kh2 Be7 30. Qa5 Qc2 31. Rd2 Qb1 32. Ng5 Re5 33. Ra8+ Kg7 34. Qa4 Rh1+ 35. Kg3 Rxg5+ 36. Kf3 Rf5+ 37. Kg3 Rxh3+ 0-1

[Event "TUR-chT"]
[Site "Kocaeli"]
[Date "2008.07.01"]
[Round "14"]
[White "Demir, Hilmi Mustafa"]
[Black "Olcum, Ahmet"]
[Result "1/2-1/2"]
[WhiteElo "2006"]
[BlackElo "1937"]
[PlyCount "116"]
[EventDate "2008.06.24"]
[EventType "team"]
[EventRounds "15"]
[EventCountry "TUR"]
[SourceTitle "CBM 125 Extra"]
[Source "ChessBase"]
[SourceDate "2008.09.01"]
[SourceVersion "1"]
[SourceVersionDate "2008.09.01"]
[SourceQuality "1"]

1. b3 Nf6 2. Bb2 g6 3. g4 Bg7 4. g5 Nh5 5. Bxg7 Nxg7 6. Nf3 Nc6 7. d4 d5 8. e3 a6 9. Nc3 Bg4 10. h3 Bf5 11. Bd3 Qd7 12. Bxf5 Qxf5 13. Qe2 0-0-0 14. 0-0-0 Rhe8 15. h4 e5 16. dxe5 Nxe5 17. Nd4 Qg4 18. Qxg4+ Nxg4 19. Rd2 c5 20. Nf3 Ne6 21. Nxd5 Nxf2 22. Nb6+ Kc7 23. Rxf2 Kxb6 24. Ne5 Nf8 25. Nc4+ Kc6 26. Rf6+ Re6 27. Ne5+ Kb6 28. Nxf7 Rde8 29. Rd1 Rxf6 30. gxf6 Kc7 31. Ng5 h6 32. Nf7 Nd7 33. Rf1 Re6 34. Nxh6 Rxf6 35. Rxf6 Nxf6 36. Nf7 Ng4 37. Kd2 Kd7 38. Ng5 b6 39. Kd3 Kd6 40. Nf3 Nf2+ 41. Ke2 Ne4 42. Kd3 Nf2+ 43. Ke2 Ne4 44. Nd2 Nc3+ 45. Kd3 Nxa2 46. Nc4+ Ke6 47. Nxb6 Nb4+ 48. Kd2 Kf5 49. Nd7 c4 50. bxc4 Nc6 51. c5 Kg4 52. Nf8 Ne7 53. Kc3 Kxh4 54. Nxg6+ Nxg6 55. Kb4 Ne7 56. Ka5 Kg4 57. Kxa6 Kf3 58. Kb7 Ke4 1/2-1/2